UBT Library

Aldus Persuasion desktop reference : (Record no. 44167)

000 -LEADER
fixed length control field 00672nam a2200217 a 4500
001 - CONTROL NUMBER
control field 1091578
005 - DATE AND TIME OF LATEST TRANSACTION
control field 20180306070341.0
008 - FIXED-LENGTH DATA ELEMENTS--GENERAL INFORMATION
fixed length control field 920110s1991 waua 000 0 eng
010 ## - LIBRARY OF CONGRESS CONTROL NUMBER
LC control number 92102835
020 ## - INTERNATIONAL STANDARD BOOK NUMBER
International Standard Book Number 1560260688
040 ## - CATALOGING SOURCE
Original cataloging agency DLC
Transcribing agency DLC
041 ## - LANGUAGE CODE
Language code of text/sound track or separate title eng
080 ## - UNIVERSAL DECIMAL CLASSIFICATION NUMBER
Universal Decimal Classification number 006.6869 COM
082 00 - DEWEY DECIMAL CLASSIFICATION NUMBER
Classification number 006.6869 COM
Edition number 20
100 ## - Rafti
Rafti 28
101 ## - Shkurtesa
Shkurtesa SHK
906 ## - LOCAL DATA ELEMENT F, LDF (RLIN)
a 7
b cbc
c orignew
d 2
e ncip
f 19
g y-gencatlg
942 ## - ADDED ENTRY ELEMENTS (KOHA)
Source of classification or shelving scheme
Item type Books
Holdings
Withdrawn status Lost status Source of classification or shelving scheme Damaged status Not for loan Collection code Permanent location Current location Shelving location Date acquired Total Checkouts Full call number Barcode Date last seen Price effective from Koha item type
          Koleksioni i përgjithshem UBT - Lipjan UBT - Lipjan Koleksioni i përgjithshem 03/06/2018   006.6869 COM 002-3001149 03/06/2018 03/06/2018 Books
UBT Library © 2015-2024. All rights reserved University Education for Business and Technology